Top 10 Boys' Names in New Zealand in 2017 - Statistics

General Stats
  • This quiz has been taken 79 times
  • The average score is 11 of 20
Answer Stats
rank 1st letter name % Correct
4 W William
92%
1 O Oliver
89%
19 H Henry
82%
12 L Liam
77%
2 J Jack
76%
6 J James
76%
3 N Noah
73%
14 T Thomas
72%
7 G George
68%
15 C Charlie
66%
17 B Benjamin
59%
9 L Lucas
49%
8 M Mason
49%
18 E Elijah
45%
20 J Joshua
45%
11 L Leo
39%
13 M Max
24%
5 H Hunter
20%
16 C Cooper
15%
10 A Arlo
14%
No matching quizzes found
Score Distribution
Percent of People with Each Score
Percentile by Number Answered
Your Score History
You have not taken this quiz